| 000 | 01098nam a22002775i 4500 | ||
|---|---|---|---|
| 001 | 166893 | ||
| 003 | ES-MaACL | ||
| 005 | 20250701053635.0 | ||
| 008 | 940301s1890 sp |||| | spa d | ||
| 080 | _a821.134.2-95"18" | ||
| 100 | 1 |
_aValera, Juan, _d1824-1905 _9112638 |
|
| 245 | 1 | 0 |
_aDisertaciones y juicios literarios / _cpor Don Juan Valera. |
| 260 |
_aMadrid : _b[s.n.], _c1890 ( _fImp. y Fundición de M. Tello) |
||
| 300 |
_a534 p. ; _c17 cm. |
||
| 490 | 1 |
_aColección de escritores castellanos. Críticos ; _v84 |
|
| 490 | 1 |
_aObras de Don Juan Valera ; _v7 |
|
| 530 | _aDisponible en formato digital. | ||
| 597 | _aPort. orlada a dos tintas con grab. xil. | ||
| 650 |
_aLiteratura- _xHistoria y crítica. _914489 |
||
| 752 |
_aEspaña - _dMadrid |
||
| 830 | 1 | 0 |
_aColección de escritores castellanos. Críticos _v84 _9182227 |
| 830 | 1 |
_aObras de Don Juan Valera ; _v7 _9188631 |
|
| 852 | 4 |
_aES-MaACL _jF-12689 _z- Enc. hol. |
|
| 856 | 4 |
_uhttps://bibliotecadigital.jcyl.es/es/consulta/registro.do?id=33212 _zBiblioteca Digital de Castilla y León |
|
| 999 |
_c166893 _d166893 |
||